| 000 | 00987nam0a22002411 4500 | ||
|---|---|---|---|
| 001 | rc\92694 | ||
| 005 | 20021216132358.6 | ||
| 035 | _a(NLR Aleph) 005358455 | ||
| 090 |
_a6872336 _c6872336 |
||
| 100 | _a20021216d1996 u |0rusy50 ca | ||
| 101 | 0 | _arus | |
| 102 | _aRU | ||
| 105 | _ay ||||||||| | ||
| 200 | 1 |
_aФормирование лесного кадастра, системы плат за лесопользование и аренды лесов Урала _e[Сб. ст.] _fРос. акад. наук. Урал. отд-ние. Ин-т леса _g[Отв. ред. С.А. Мамаев, Р.П. Исаева] |
|
| 210 |
_aЕкатеринбург _cИЛ _d1996 |
||
| 215 |
_a131 с. _d20 |
||
| 702 | 1 |
_aМамаев _bС. А. _gСтанислав Александрович _4340 |
|
| 712 | 0 | 2 |
_aИнститут леса _cЕкатеринбург _3RU\NLR\AUTH\889917146 |
| 801 | 0 |
_aRU _bNLR _gpsbo |
|
| 801 | 1 |
_aRU _bELAR _2rusmarc |
|
| 852 |
_aNLR _j96-3/9346 |
||
| 942 | _cBOOK | ||
| 980 | _aNB | ||